[Event "Bundesliga 9596"]
[Site "Deutschland"]
[Date "1996.??.??"]
[Round "?.7"]
[White "Podzielny, Karl Heinz"]
[Black "Kistella, Roman"]
[Result "1-0"]
[WhiteElo "2465"]
[BlackElo "2255"]
[PlyCount "123"]
[EventDate "1995.10.??"]
[EventType "team"]
[EventRounds "15"]
[EventCountry "GER"]
[SourceTitle "Bundesliga 9596"]
[Source "DeepChess"]
[SourceDate "2005.01.01"]
[SourceVersion "1"]
[SourceVersionDate "2005.01.01"]
[SourceQuality "1"]
[WhiteTeam "SG 1868 Aljech. Solingen"]
[BlackTeam "PSV/BSV Wuppertal 1921 e.V."]
[WhiteTeamCountry "GER"]
[BlackTeamCountry "GER"]

1. d4 d5 2. c4 e6 3. Nf3 Nf6 4. Nc3 Be7 5. cxd5 exd5 6. Bg5 O-O 7. e3 c6 8. Bd3
Nbd7 9. Qc2 Re8 10. h4 Nf8 11. O-O-O Be6 12. Kb1 Rc8 13. Ne5 N6d7 14. Nxd7 Qxd7
15. f3 b5 16. Rc1 a6 17. Ne2 f6 18. Bf4 c5 19. dxc5 Rxc5 20. Qd2 Bf5 21. Nd4
Bxd3+ 22. Qxd3 Rec8 23. Rxc5 Bxc5 24. Nf5 Ne6 25. Bg3 Rd8 26. Rd1 g6 27. Nh6+
Kg7 28. Ng4 h5 29. Nh2 Qa7 30. Nf1 d4 31. e4 Qb6 32. f4 Be7 33. f5 Nc5 34. Qf3
Qc6 35. Nd2 gxf5 36. Qxf5 Nd3 37. e5 Nxb2 38. Kxb2 Qc3+ 39. Kb1 Qxg3 40. exf6+
Bxf6 41. Qxf6+ Kxf6 42. Ne4+ Kf5 43. Nxg3+ Kg4 44. Rd3 Kxh4 45. Nf5+ Kg4 46.
Nxd4 h4 47. Kc2 Rc8+ 48. Kd2 Rf8 49. Ke2 Re8+ 50. Kf2 Rd8 51. Nf3 Rxd3 52. Ne5+
Kf5 53. Nxd3 Kg4 54. Nb4 a5 55. Nc6 a4 56. a3 Kf4 57. Nd4 b4 58. axb4 a3 59. b5
a2 60. Nb3 Ke5 61. Ke3 Kd5 62. Kd3 1-0

[Event "Bundesliga 9596"]
[Site "Deutschland"]
[Date "1996.??.??"]
[Round "?.8"]
[White "Perschke, Ulrich"]
[Black "Schmidt, Bodo"]
[Result "1/2-1/2"]
[WhiteElo "2235"]
[BlackElo "2355"]
[PlyCount "115"]
[EventDate "1995.10.??"]
[EventType "team"]
[EventRounds "15"]
[EventCountry "GER"]
[SourceTitle "Bundesliga 9596"]
[Source "DeepChess"]
[SourceDate "2005.01.01"]
[SourceVersion "1"]
[SourceVersionDate "2005.01.01"]
[SourceQuality "1"]
[WhiteTeam "PSV/BSV Wuppertal 1921 e.V."]
[BlackTeam "SG 1868 Aljech. Solingen"]
[WhiteTeamCountry "GER"]
[BlackTeamCountry "GER"]

1. c4 Nf6 2. Nc3 c6 3. e4 e5 4. Nf3 d6 5. d4 Nbd7 6. d5 c5 7. Be2 Be7 8. O-O
O-O 9. Ne1 Ne8 10. f4 exf4 11. Bxf4 Bg5 12. Bg3 Ne5 13. Nf3 Bf6 14. Nxe5 Bxe5
15. Bxe5 dxe5 16. Qd2 Nd6 17. Qe3 Qa5 18. a3 Qc7 19. Na4 b6 20. b4 Bd7 21. bxc5
Bxa4 22. cxd6 Qxd6 23. Rac1 Rac8 24. Bg4 Rc5 25. Qh3 Re8 26. Rc3 Re7 27. Be2
Rec7 28. Rcf3 Bd7 29. Qg3 Bc8 30. Rf6 Qf8 31. Bh5 g6 32. Be2 Qe8 33. h4 Ba6 34.
d6 Rb7 35. Bg4 Bxc4 36. d7 Rxd7 37. Bxd7 Qxd7 38. Re1 Kg7 39. Rf2 h5 40. Qg5
Qd4 41. Re3 Be6 42. Kh2 Rc1 43. Ref3 Rc8 44. Rf6 Re8 45. R2f3 Qxe4 46. Re3 Qg4
47. Rxe5 Qxg5 48. hxg5 Rd8 49. Rf3 Rd4 50. Rc3 Ra4 51. Rc7 Kf8 52. Re3 Ke8 53.
Rd3 b5 54. Rb7 a6 55. Rb8+ Ke7 56. Rb7+ Ke8 57. Rb8+ Ke7 58. Rb7+ 1/2-1/2

[Event "Bundesliga 9596"]
[Site "Deutschland"]
[Date "1995.??.??"]
[Round "?.1"]
[White "Emms, John M"]
[Black "Glek, Igor V"]
[Result "1-0"]
[WhiteElo "2485"]
[BlackElo "2580"]
[PlyCount "79"]
[EventDate "1995.10.??"]
[EventType "team"]
[EventRounds "15"]
[EventCountry "GER"]
[SourceTitle "Bundesliga 9596"]
[Source "DeepChess"]
[SourceDate "2005.01.01"]
[SourceVersion "1"]
[SourceVersionDate "2005.01.01"]
[SourceQuality "1"]
[WhiteTeam "PSV/BSV Wuppertal 1921 e.V."]
[BlackTeam "SG Bochum 31"]
[WhiteTeamCountry "GER"]
[BlackTeamCountry "GER"]

1. e4 c5 2. Nf3 e6 3. c3 d5 4. exd5 exd5 5. d4 a6 6. Bd3 c4 7. Bc2 Bd6 8. O-O
Ne7 9. b3 cxb3 10. axb3 O-O 11. Ba3 Nbc6 12. Re1 Ng6 13. Bxd6 Qxd6 14. Nbd2 Bd7
15. Nf1 f5 16. c4 f4 17. cxd5 Nb4 18. Be4 Nxd5 19. Rc1 Rac8 20. Qd2 Rxc1 21.
Rxc1 Re8 22. Re1 Rc8 23. h3 b5 24. Ne5 Nge7 25. Nxd7 Qxd7 26. Nh2 Qd6 27. Nf3
h6 28. Bxd5+ Nxd5 29. Re5 Rf8 30. Qc2 Nf6 31. Rc5 Ra8 32. Rc6 Qd8 33. b4 Kh8
34. Qf5 a5 35. bxa5 Qxa5 36. Rxf6 gxf6 37. Qxf6+ Kg8 38. Qg6+ Kf8 39. Ne5 Qc7
40. Qxh6+ 1-0

[Event "Bundesliga 9596"]
[Site "Deutschland"]
[Date "1995.??.??"]
[Round "?.2"]
[White "Piskov, Yury"]
[Black "Conquest, Stuart"]
[Result "1-0"]
[WhiteElo "2535"]
[BlackElo "2455"]
[PlyCount "69"]
[EventDate "1995.10.??"]
[EventType "team"]
[EventRounds "15"]
[EventCountry "GER"]
[SourceTitle "Bundesliga 9596"]
[Source "DeepChess"]
[SourceDate "2005.01.01"]
[SourceVersion "1"]
[SourceVersionDate "2005.01.01"]
[SourceQuality "1"]
[WhiteTeam "SG Bochum 31"]
[BlackTeam "PSV/BSV Wuppertal 1921 e.V."]
[WhiteTeamCountry "GER"]
[BlackTeamCountry "GER"]

1. d4 d6 2. Nf3 Bg4 3. c4 Nd7 4. e3 e5 5. Be2 Ngf6 6. Nc3 c6 7. O-O Be7 8. Qc2
O-O 9. b3 Re8 10. h3 Bh5 11. Rd1 Bf8 12. d5 Bg6 13. Qd2 h6 14. dxc6 bxc6 15.
Ba3 Re6 16. Rac1 a5 17. Qe1 Qb8 18. Nh4 Bh7 19. e4 a4 20. b4 g5 21. Nf5 Nxe4
22. Nxe4 Bxf5 23. Ng3 Bg6 24. Bg4 Re7 25. b5 Nc5 26. Bxc5 dxc5 27. bxc6 e4 28.
Qe3 Re5 29. Rd7 f5 30. c7 Qb7 31. f4 gxf4 32. Qxf4 Rae8 33. Bxf5 Qc6 34. Bxg6
Qxd7 35. c8=Q 1-0

[Event "Bundesliga 9596"]
[Site "Deutschland"]
[Date "1995.??.??"]
[Round "?.3"]
[White "Schebler, Gerhard"]
[Black "Schmittdiel, Eckhard"]
[Result "1/2-1/2"]
[WhiteElo "2350"]
[BlackElo "2435"]
[PlyCount "28"]
[EventDate "1995.10.??"]
[EventType "team"]
[EventRounds "15"]
[EventCountry "GER"]
[SourceTitle "Bundesliga 9596"]
[Source "DeepChess"]
[SourceDate "2005.01.01"]
[SourceVersion "1"]
[SourceVersionDate "2005.01.01"]
[SourceQuality "1"]
[WhiteTeam "PSV/BSV Wuppertal 1921 e.V."]
[BlackTeam "SG Bochum 31"]
[WhiteTeamCountry "GER"]
[BlackTeamCountry "GER"]

1. d4 d5 2. Nf3 Nf6 3. c4 e6 4. g3 c5 5. cxd5 exd5 6. Bg2 Nc6 7. O-O Be7 8. Nc3
O-O 9. Bg5 cxd4 10. Nxd4 h6 11. Be3 Ne5 12. Bf4 Ng6 13. Be3 Ne5 14. Bf4 Ng6
1/2-1/2

[Event "Bundesliga 9596"]
[Site "Deutschland"]
[Date "1995.??.??"]
[Round "?.4"]
[White "Sonntag, Hans Hubert"]
[Black "Hausrath, Daniel"]
[Result "1-0"]
[WhiteElo "2415"]
[BlackElo "2370"]
[PlyCount "81"]
[EventDate "1995.10.??"]
[EventType "team"]
[EventRounds "15"]
[EventCountry "GER"]
[SourceTitle "Bundesliga 9596"]
[Source "DeepChess"]
[SourceDate "2005.01.01"]
[SourceVersion "1"]
[SourceVersionDate "2005.01.01"]
[SourceQuality "1"]
[WhiteTeam "SG Bochum 31"]
[BlackTeam "PSV/BSV Wuppertal 1921 e.V."]
[WhiteTeamCountry "GER"]
[BlackTeamCountry "GER"]

1. d4 Nf6 2. Nf3 g6 3. c4 Bg7 4. Nc3 O-O 5. Bf4 c5 6. d5 d6 7. e4 b5 8. cxb5 a6
9. a4 Qa5 10. Bd2 e6 11. Bd3 axb5 12. Nxb5 Qd8 13. dxe6 Bxe6 14. O-O Nc6 15.
Bc3 Nb4 16. Re1 Qb6 17. Bf1 Rfd8 18. Qd2 d5 19. Bxb4 dxe4 20. Qe3 exf3 21. Qxc5
Qb7 22. Bc3 Rac8 23. Qe3 Bd5 24. g3 Qd7 25. h3 h5 26. Qf4 Rc6 27. Nd4 Rd6 28.
Nxf3 Qb7 29. Nd4 Ne4 30. Nb5 Re6 31. Bxg7 Kxg7 32. Qc7 Qa8 33. Qa7 Qc6 34. Rac1
Qd7 35. Qxd7 Rxd7 36. Nc7 Rc6 37. Nxd5 Rxc1 38. Rxc1 Rxd5 39. Bg2 Rd4 40. Bxe4
Rxe4 41. Ra1 1-0

[Event "Bundesliga 9596"]
[Site "Deutschland"]
[Date "1995.??.??"]
[Round "?.5"]
[White "Schiffer, Kai Uwe"]
[Black "Reschke, Stefan"]
[Result "0-1"]
[WhiteElo "2325"]
[BlackElo "2380"]
[PlyCount "92"]
[EventDate "1995.10.??"]
[EventType "team"]
[EventRounds "15"]
[EventCountry "GER"]
[SourceTitle "Bundesliga 9596"]
[Source "DeepChess"]
[SourceDate "2005.01.01"]
[SourceVersion "1"]
[SourceVersionDate "2005.01.01"]
[SourceQuality "1"]
[WhiteTeam "PSV/BSV Wuppertal 1921 e.V."]
[BlackTeam "SG Bochum 31"]
[WhiteTeamCountry "GER"]
[BlackTeamCountry "GER"]

1. d4 Nf6 2. c4 g6 3. Nc3 Bg7 4. e4 d6 5. Nf3 O-O 6. Be2 e5 7. d5 a5 8. Bg5 Na6
9. Nd2 Bd7 10. O-O h6 11. Be3 h5 12. h3 Nh7 13. a3 Bf6 14. Nf3 Ng5 15. Nd2 Nh7
16. Nf3 Be7 17. b3 f5 18. exf5 gxf5 19. Nh2 h4 20. f4 e4 21. Rb1 Bf6 22. Qd2
Qe7 23. Rfd1 Kh8 24. Nf1 Rg8 25. Bd4 Qg7 26. Ne3 Qg3 27. Kh1 Qxf4 28. Rf1 Qg5
29. Bg4 Qg7 30. Nxf5 Bxf5 31. Bxf6 Nxf6 32. Rxf5 Rae8 33. Rbf1 e3 34. Qd4 Nh7
35. Qd3 Nc5 36. Qc2 Rgf8 37. Ne2 Ne4 38. Rxf8+ Nxf8 39. Rf4 Nf2+ 40. Kh2 Ng6
41. Rd4 Rf8 42. Bf3 Qe5+ 43. Kg1 Kg7 44. c5 Nxh3+ 45. gxh3 Rxf3 46. cxd6 Rf2
0-1

[Event "Bundesliga 9596"]
[Site "Deutschland"]
[Date "1995.??.??"]
[Round "?.6"]
[White "Kassebaum, Roman"]
[Black "Kern, Guido"]
[Result "1-0"]
[WhiteElo "2360"]
[BlackElo "2365"]
[PlyCount "135"]
[EventDate "1995.10.??"]
[EventType "team"]
[EventRounds "15"]
[EventCountry "GER"]
[SourceTitle "Bundesliga 9596"]
[Source "DeepChess"]
[SourceDate "2005.01.01"]
[SourceVersion "1"]
[SourceVersionDate "2005.01.01"]
[SourceQuality "1"]
[WhiteTeam "SG Bochum 31"]
[BlackTeam "PSV/BSV Wuppertal 1921 e.V."]
[WhiteTeamCountry "GER"]
[BlackTeamCountry "GER"]

1. e4 e6 2. d4 d5 3. Nd2 c5 4. exd5 exd5 5. Ngf3 a6 6. Be2 c4 7. Ne5 Bd6 8. b3
cxb3 9. axb3 Ne7 10. O-O O-O 11. Ndf3 f6 12. Nd3 Qc7 13. c4 Qd8 14. c5 Bc7 15.
b4 Bd7 16. Nf4 g5 17. Nh5 Nbc6 18. Rb1 Be8 19. Ng3 Bg6 20. Bd3 b5 21. cxb6 Bxb6
22. h4 Bxd3 23. Qxd3 g4 24. Nh2 Qd7 25. Be3 Bc7 26. b5 axb5 27. Rxb5 Bd6 28.
Nh5 Ra3 29. Qd1 f5 30. Bg5 Bxh2+ 31. Kxh2 Qd6+ 32. g3 Ng6 33. Rb7 Rf7 34. Rxf7
Kxf7 35. Qb1 Nge7 36. Re1 Ra7 37. Qb6 Rd7 38. Nf4 Qc7 39. Qc5 Qd6 40. Qb6 Qc7
41. Qc5 Qd6 42. Qc3 Rb7 43. Re6 Qxe6 44. Nxe6 Kxe6 45. Qe3+ Kf7 46. Qf4 Ke6 47.
Bxe7 Rxe7 48. Qh6+ Kd7 49. Qf6 Re4 50. Qxf5+ Kd6 51. Qf8+ Kd7 52. Qg8 Kd6 53.
Qf8+ Kd7 54. f3 gxf3 55. Qxf3 Kd6 56. Qf6+ Re6 57. Qf8+ Re7 58. Qf4+ Kd7 59. h5
Ke6 60. Qh6+ Kd7 61. Qf6 Kc7 62. Kh3 Kd7 63. g4 Nd8 64. g5 Ne6 65. Kg4 Nxd4 66.
Qxd4 Re4+ 67. Qxe4 dxe4 68. g6 1-0

[Event "Bundesliga 9596"]
[Site "Deutschland"]
[Date "1995.??.??"]
[Round "?.7"]
[White "Fischdick, Gisela"]
[Black "Ellers, Holger"]
[Result "0-1"]
[WhiteElo "2290"]
[BlackElo "2360"]
[PlyCount "136"]
[EventDate "1995.10.??"]
[EventType "team"]
[EventRounds "15"]
[EventCountry "GER"]
[SourceTitle "Bundesliga 9596"]
[Source "DeepChess"]
[SourceDate "2005.01.01"]
[SourceVersion "1"]
[SourceVersionDate "2005.01.01"]
[SourceQuality "1"]
[WhiteTeam "PSV/BSV Wuppertal 1921 e.V."]
[BlackTeam "SG Bochum 31"]
[WhiteTeamCountry "GER"]
[BlackTeamCountry "GER"]

1. d4 Nf6 2. Bg5 e6 3. Nf3 h6 4. Bh4 c5 5. e3 b6 6. Nbd2 cxd4 7. exd4 Be7 8.
Bd3 Bb7 9. O-O O-O 10. c3 d6 11. Qe2 Nbd7 12. Rfe1 Re8 13. h3 Nh5 14. Bxe7 Qxe7
15. Be4 Nf4 16. Qe3 Nd5 17. Bxd5 Bxd5 18. c4 Bb7 19. Qa3 d5 20. Qxe7 Rxe7 21.
b3 Kf8 22. Rac1 dxc4 23. Rxc4 Rd8 24. Rec1 Nf6 25. Ne5 Nd5 26. Ndf3 Nf4 27. Kh2
f6 28. Nc6 Bxc6 29. Rxc6 Kf7 30. Rc8 Nd3 31. R1c3 Rxc8 32. Rxc8 Nxf2 33. Kg3
Ne4+ 34. Kf4 Nd6 35. Rd8 g5+ 36. Ke3 Nf5+ 37. Ke4 h5 38. Nd2 h4 39. Nc4 Rc7 40.
d5 exd5+ 41. Rxd5 Ne7 42. Rd2 Rc6 43. Rd7 a6 44. Ra7 b5 45. Ne3 Ke6 46. a4 Nc8
47. Ra8 Nd6+ 48. Kd3 bxa4 49. bxa4 Nb7 50. Nc2 Nc5+ 51. Ke3 Rb6 52. a5 Rb2 53.
Nd4+ Kd5 54. Rd8+ Kc4 55. Ne2 Rb3+ 56. Kf2 Ne4+ 57. Kg1 Ng3 58. Rc8+ Kb4 59.
Rb8+ Ka4 60. Rxb3 Nxe2+ 61. Kf2 Kxb3 62. Kxe2 Kb4 63. Kd3 Kxa5 64. Ke4 Kb4 65.
Kf5 a5 66. Kxf6 a4 67. Kxg5 a3 68. Kxh4 a2 0-1

[Event "Bundesliga 9596"]
[Site "Deutschland"]
[Date "1996.??.??"]
[Round "?.1"]
[White "Emms, John M"]
[Black "Lutz, Christopher"]
[Result "1/2-1/2"]
[WhiteElo "2500"]
[BlackElo "2555"]
[PlyCount "174"]
[EventDate "1995.10.??"]
[EventType "team"]
[EventRounds "15"]
[EventCountry "GER"]
[SourceTitle "Bundesliga 9596"]
[Source "DeepChess"]
[SourceDate "2005.01.01"]
[SourceVersion "1"]
[SourceVersionDate "2005.01.01"]
[SourceQuality "1"]
[WhiteTeam "PSV/BSV Wuppertal 1921 e.V."]
[BlackTeam "SG Porz e.V."]
[WhiteTeamCountry "GER"]
[BlackTeamCountry "GER"]

1. e4 c5 2. Nf3 d6 3. d4 cxd4 4. Nxd4 Nf6 5. Nc3 a6 6. Bc4 e6 7. Bb3 b5 8. O-O
Be7 9. Qf3 Qc7 10. Qg3 O-O 11. Bh6 Ne8 12. Rad1 Bd7 13. a3 Nc6 14. Be3 Bf6 15.
Nxc6 Bxc6 16. Bd4 Rd8 17. Qe3 Bxd4 18. Rxd4 Nf6 19. Rfd1 Rd7 20. f3 Rfd8 21.
R4d2 Bb7 22. Ne2 Qc5 23. Qf2 Kf8 24. Rd3 g6 25. Nd4 Ke8 26. Rc3 Qb6 27. Qh4 Ke7
28. Qf2 Ke8 29. Re3 Rc8 30. c3 Rc5 31. Nc2 h5 32. a4 Kf8 33. axb5 axb5 34. Nb4
Rc8 35. Bc2 Qc5 36. Re2 Qxf2+ 37. Kxf2 Rb8 38. Red2 Ne8 39. Ra1 Nc7 40. Ra7 Ke8
41. Bd3 Kd8 42. Rd1 Kc8 43. Ra5 Rd8 44. Ke3 Ra8 45. Rda1 Kd7 46. h4 Rdb8 47.
Ra7 Rxa7 48. Rxa7 f6 49. g4 e5 50. gxh5 gxh5 51. Bf1 d5 52. exd5 Kd6 53. f4
Nxd5+ 54. Nxd5 Bxd5 55. Ra6+ Ke7 56. fxe5 fxe5 57. Ra5 Bc6 58. Be2 Kd6 59. Ra6
Kc7 60. Ra7+ Kd6 61. Rh7 b4 62. Rh6+ Kc5 63. Rxh5 bxc3 64. bxc3 Rb3 65. Kd3 Kd6
66. Rg5 Rb2 67. Ke3 Rb3 68. Kd2 Rb2+ 69. Ke1 Rb1+ 70. Kf2 Rb2 71. c4 Be4 72.
Ke3 Bh7 73. Rg7 Bf5 74. h5 Rb3+ 75. Kf2 Rh3 76. Rg3 Rh4 77. Rg5 Ke6 78. c5 Kf6
79. Rg8 Rh2+ 80. Ke3 Rh3+ 81. Kd2 e4 82. c6 e3+ 83. Kc3 Rh1 84. Kb2 Rb1+ 85.
Kc3 Rc1+ 86. Kd4 Rxc6 87. Kxe3 Re6+ 1/2-1/2

[Event "Bundesliga 9596"]
[Site "Deutschland"]
[Date "1996.??.??"]
[Round "?.2"]
[White "Huebner, Robert"]
[Black "Conquest, Stuart"]
[Result "1/2-1/2"]
[WhiteElo "2635"]
[BlackElo "2540"]
[PlyCount "88"]
[EventDate "1995.10.??"]
[EventType "team"]
[EventRounds "15"]
[EventCountry "GER"]
[SourceTitle "Bundesliga 9596"]
[Source "DeepChess"]
[SourceDate "2005.01.01"]
[SourceVersion "1"]
[SourceVersionDate "2005.01.01"]
[SourceQuality "1"]
[WhiteTeam "SG Porz e.V."]
[BlackTeam "PSV/BSV Wuppertal 1921 e.V."]
[WhiteTeamCountry "GER"]
[BlackTeamCountry "GER"]

1. e4 Nf6 2. e5 Nd5 3. d4 d6 4. Nf3 Nb6 5. Nc3 Bg4 6. h3 Bh5 7. Bf4 e6 8. Be2
Bxf3 9. Bxf3 d5 10. O-O c5 11. Ne2 Nc6 12. c3 Be7 13. b3 O-O 14. Be3 a5 15. Nf4
cxd4 16. cxd4 a4 17. Be2 axb3 18. axb3 Rxa1 19. Qxa1 Qa8 20. Nd3 Qxa1 21. Rxa1
Ra8 22. Rxa8+ Nxa8 23. f4 Nc7 24. Nc5 Na5 25. Bd1 Nb5 26. Kf2 b6 27. Na4 Nc6
28. Nxb6 Nbxd4 29. Nd7 f6 30. exf6 gxf6 31. g4 Nb5 32. Bf3 Nb4 33. g5 fxg5 34.
fxg5 Nc3 35. Bg4 Ne4+ 36. Kg2 Nxg5 37. h4 Ne4 38. Bxe6+ Kg7 39. h5 Bg5 40. Bc5
Nxc5 41. Nxc5 Kf6 42. Kf3 Ke5 43. Bg8 h6 44. Ke2 Be7 1/2-1/2

[Event "Bundesliga 9596"]
[Site "Deutschland"]
[Date "1996.??.??"]
[Round "?.3"]
[White "Schebler, Gerhard"]
[Black "Christiansen, Larry Mark"]
[Result "1/2-1/2"]
[WhiteElo "2420"]
[BlackElo "2580"]
[PlyCount "157"]
[EventDate "1995.10.??"]
[EventType "team"]
[EventRounds "15"]
[EventCountry "GER"]
[SourceTitle "Bundesliga 9596"]
[Source "DeepChess"]
[SourceDate "2005.01.01"]
[SourceVersion "1"]
[SourceVersionDate "2005.01.01"]
[SourceQuality "1"]
[WhiteTeam "PSV/BSV Wuppertal 1921 e.V."]
[BlackTeam "SG Porz e.V."]
[WhiteTeamCountry "GER"]
[BlackTeamCountry "GER"]

1. d4 Nf6 2. Nf3 e6 3. g3 c5 4. Bg2 Qa5+ 5. c3 cxd4 6. Nxd4 a6 7. O-O Qc7 8.
Nb3 Be7 9. Bf4 d6 10. c4 Nbd7 11. Nc3 Rb8 12. Rc1 b6 13. Nd2 O-O 14. Nde4 Nxe4
15. Nxe4 Ne5 16. Qc2 Bb7 17. Rfd1 Rfd8 18. Ng5 Ng6 19. Bxb7 Qxb7 20. h4 e5 21.
Be3 h6 22. h5 Nf8 23. Ne4 Ne6 24. Nc3 b5 25. Nd5 Bg5 26. Bxg5 Nxg5 27. b3 Qd7
28. Qf5 Qxf5 29. Ne7+ Kh7 30. Nxf5 bxc4 31. Rxc4 Rb6 32. e4 Ne6 33. Kg2 Rd7 34.
Rc3 g6 35. Ne3 Kg7 36. hxg6 Kxg6 37. Nc4 Rc6 38. Rd5 Kf6 39. Rcd3 Nc5 40. Nxe5
dxe5 41. Rxd7 Ke6 42. Rd8 Nxd3 43. Rxd3 Rc2 44. a3 h5 45. b4 Ra2 46. Rc3 Kd6
47. Rf3 Ke6 48. Rd3 f5 49. exf5+ Kxf5 50. Re3 Ra1 51. Kf3 Ra2 52. Rc3 Ra1 53.
Ke3 Ra2 54. Rb3 Ra1 55. Kf3 Ra2 56. Kg2 Ra1 57. Re3 Ra2 58. Rc3 Ra1 59. f3 Ra2+
60. Kh3 Rf2 61. a4 Rb2 62. Rc4 Rb1 63. a5 Rh1+ 64. Kg2 Rb1 65. Kh2 Rb3 66. Kg2
Rb1 67. Rc6 Rxb4 68. Rxa6 e4 69. Rb6 exf3+ 70. Kxf3 Ra4 71. Rb5+ Kg6 72. Ke3
Ra3+ 73. Kf4 Ra4+ 74. Ke5 Ra3 75. Kd6 Rxg3 76. Kc6 Ra3 77. Kb6 h4 78. a6 h3 79.
Rb1 1/2-1/2

[Event "Bundesliga 9596"]
[Site "Deutschland"]
[Date "1996.??.??"]
[Round "?.5"]
[White "Schiffer, Kai Uwe"]
[Black "Stangl, Markus"]
[Result "1/2-1/2"]
[WhiteElo "2325"]
[BlackElo "2565"]
[PlyCount "42"]
[EventDate "1995.10.??"]
[EventType "team"]
[EventRounds "15"]
[EventCountry "GER"]
[SourceTitle "Bundesliga 9596"]
[Source "DeepChess"]
[SourceDate "2005.01.01"]
[SourceVersion "1"]
[SourceVersionDate "2005.01.01"]
[SourceQuality "1"]
[WhiteTeam "PSV/BSV Wuppertal 1921 e.V."]
[BlackTeam "SG Porz e.V."]
[WhiteTeamCountry "GER"]
[BlackTeamCountry "GER"]

1. d4 d5 2. c4 c6 3. Nf3 dxc4 4. e3 b5 5. a4 e6 6. axb5 cxb5 7. b3 Bb4+ 8. Bd2
Bxd2+ 9. Nbxd2 a5 10. bxc4 b4 11. Ne5 Nf6 12. Qa4+ Nfd7 13. c5 O-O 14. Nxd7
Bxd7 15. Bb5 Bxb5 16. Qxb5 Qd5 17. O-O Nc6 18. Nc4 Na7 19. Qa6 Nc6 20. Qb5 Na7
21. Qa6 Nc6 1/2-1/2

[Event "Bundesliga 9596"]
[Site "Deutschland"]
[Date "1996.??.??"]
[Round "?.6"]
[White "Hickl, Joerg"]
[Black "Kern, Guido"]
[Result "1-0"]
[WhiteElo "2580"]
[BlackElo "2365"]
[PlyCount "103"]
[EventDate "1995.10.??"]
[EventType "team"]
[EventRounds "15"]
[EventCountry "GER"]
[SourceTitle "Bundesliga 9596"]
[Source "DeepChess"]
[SourceDate "2005.01.01"]
[SourceVersion "1"]
[SourceVersionDate "2005.01.01"]
[SourceQuality "1"]
[WhiteTeam "SG Porz e.V."]
[BlackTeam "PSV/BSV Wuppertal 1921 e.V."]
[WhiteTeamCountry "GER"]
[BlackTeamCountry "GER"]

1. g3 d5 2. Bg2 Nf6 3. Nf3 c6 4. b3 Bg4 5. Bb2 Nbd7 6. O-O e6 7. d3 Bd6 8. Nbd2
O-O 9. c4 a5 10. a3 Qe7 11. h3 Bxf3 12. Nxf3 e5 13. Qc2 Rfd8 14. e3 Qe6 15.
Rfd1 h6 16. Rac1 Qe7 17. Ra1 Qe6 18. Re1 Rdc8 19. Rac1 Re8 20. Ra1 Rec8 21.
Rec1 Rd8 22. Nd2 Re8 23. Bc3 Qe7 24. Qb2 b5 25. b4 axb4 26. axb4 Reb8 27. c5
Bc7 28. Ra2 Nh7 29. Rca1 Rxa2 30. Qxa2 Rd8 31. Qa7 Nb8 32. Nf3 f6 33. Qb7 Nf8
34. Ra7 Rd7 35. Qc8 Qd8 36. Qxd8 Bxd8 37. Ra8 Bc7 38. h4 h5 39. Bh3 Re7 40. e4
dxe4 41. dxe4 Kf7 42. Kf1 Ne6 43. Ke2 g6 44. Ke3 Ng7 45. Ne1 g5 46. hxg5 fxg5
47. f3 Ne8 48. Nd3 Nf6 49. Bf5 g4 50. fxg4 Nxg4+ 51. Bxg4 hxg4 52. Ra7 1-0

[Event "Bundesliga 9596"]
[Site "Deutschland"]
[Date "1996.??.??"]
[Round "?.8"]
[White "Brunner, Lucas"]
[Black "Sukharisingh, Ralf"]
[Result "1/2-1/2"]
[WhiteElo "2510"]
[BlackElo "2305"]
[PlyCount "71"]
[EventDate "1995.10.??"]
[EventType "team"]
[EventRounds "15"]
[EventCountry "GER"]
[SourceTitle "Bundesliga 9596"]
[Source "DeepChess"]
[SourceDate "2005.01.01"]
[SourceVersion "1"]
[SourceVersionDate "2005.01.01"]
[SourceQuality "1"]
[WhiteTeam "SG Porz e.V."]
[BlackTeam "PSV/BSV Wuppertal 1921 e.V."]
[WhiteTeamCountry "GER"]
[BlackTeamCountry "GER"]

1. d4 Nf6 2. Nf3 g6 3. c4 Bg7 4. g3 O-O 5. Bg2 d6 6. O-O Nc6 7. Nc3 a6 8. h3
Rb8 9. Be3 Bd7 10. Rc1 Na5 11. Nd2 b5 12. cxb5 axb5 13. b4 Nc4 14. Nxc4 bxc4
15. b5 d5 16. Nxd5 Nxd5 17. Bxd5 Bxh3 18. Bc6 Bxf1 19. Kxf1 Rxb5 20. Bxb5 Qd5
21. Kg1 Qxb5 22. Qc2 Ra8 23. Qxc4 Qxc4 24. Rxc4 Rxa2 25. Rxc7 Bf8 26. Kf1 Ra1+
27. Kg2 f5 28. Bf4 Kf7 29. Be5 Ke6 30. Kf3 Ra3+ 31. e3 Ra2 32. Rc8 Kf7 33. Rb8
Rc2 34. d5 Rd2 35. Bd4 Bg7 36. Bxg7 1/2-1/2

[Event "Bundesliga 9596"]
[Site "Deutschland"]
[Date "1996.??.??"]
[Round "?.1"]
[White "Ribli, Zoltan"]
[Black "Emms, John M"]
[Result "1/2-1/2"]
[WhiteElo "2590"]
[BlackElo "2500"]
[PlyCount "62"]
[EventDate "1995.10.??"]
[EventType "team"]
[EventRounds "15"]
[EventCountry "GER"]
[SourceTitle "Bundesliga 9596"]
[Source "DeepChess"]
[SourceDate "2005.01.01"]
[SourceVersion "1"]
[SourceVersionDate "2005.01.01"]
[SourceQuality "1"]
[WhiteTeam "SK Passau 1869"]
[BlackTeam "PSV/BSV Wuppertal 1921 e.V."]
[WhiteTeamCountry "GER"]
[BlackTeamCountry "GER"]

1. Nf3 c5 2. c4 Nc6 3. Nc3 Nd4 4. g3 Nxf3+ 5. exf3 Nf6 6. d4 e6 7. Bg2 d5 8.
cxd5 Nxd5 9. O-O Nxc3 10. bxc3 cxd4 11. cxd4 Bd6 12. Qb3 O-O 13. f4 Rb8 14. Bb2
Qb6 15. Qxb6 axb6 16. Rfb1 Bd7 17. Bc3 Bc7 18. d5 exd5 19. Bxd5 Rfd8 20. Rd1
Bc6 21. Bb3 Rxd1+ 22. Rxd1 Rd8 23. Rxd8+ Bxd8 24. Bd4 Kf8 25. Kf1 b5 26. Ke2 g6
27. g4 f5 28. f3 Bd7 29. h3 Ke7 30. Bg8 h5 31. Bc5+ Kf6 1/2-1/2

[Event "Bundesliga 9596"]
[Site "Deutschland"]
[Date "1996.??.??"]
[Round "?.3"]
[White "Schlosser, Philipp"]
[Black "Schebler, Gerhard"]
[Result "1/2-1/2"]
[WhiteElo "2540"]
[BlackElo "2420"]
[PlyCount "73"]
[EventDate "1995.10.??"]
[EventType "team"]
[EventRounds "15"]
[EventCountry "GER"]
[SourceTitle "Bundesliga 9596"]
[Source "DeepChess"]
[SourceDate "2005.01.01"]
[SourceVersion "1"]
[SourceVersionDate "2005.01.01"]
[SourceQuality "1"]
[WhiteTeam "SK Passau 1869"]
[BlackTeam "PSV/BSV Wuppertal 1921 e.V."]
[WhiteTeamCountry "GER"]
[BlackTeamCountry "GER"]

1. Nf3 Nf6 2. c4 g6 3. g3 Bg7 4. Bg2 O-O 5. d4 c6 6. Nc3 d6 7. O-O Qa5 8. e4
Bg4 9. h3 Bxf3 10. Bxf3 e5 11. d5 cxd5 12. cxd5 Rc8 13. Bd2 Nbd7 14. Qe2 a6 15.
Rfc1 h5 16. a4 Qd8 17. a5 Kh7 18. Na4 Ne8 19. Qe3 Rxc1+ 20. Rxc1 Rc8 21. Rxc8
Qxc8 22. h4 Qc2 23. b3 Qb1+ 24. Kg2 Nc7 25. Nb6 Nc5 26. Nc4 Bf8 27. Qg5 Nb5 28.
Qd8 Bg7 29. Nxd6 Nxd6 30. Qxd6 Nxe4 31. Bxe4 Qxe4+ 32. Kh2 Qf3 33. Be3 Bh6 34.
Bc5 e4 35. Qe5 e3 36. Bxe3 Bxe3 37. Qxe3 1/2-1/2